Power Play: (Record no. 13177)
[ view plain ]
| 000 -LEADER | |
|---|---|
| fixed length control field | 00903cam a2200253 4500 |
| 001 - CONTROL NUMBER | |
| control field | 1715350 |
| 005 - DATE AND TIME OF LATEST TRANSACTION | |
| control field | 20070816104056.0 |
| 008 - FIXED-LENGTH DATA ELEMENTS--GENERAL INFORMATION | |
| fixed length control field | 721221r1973 nyua | b 001 0 eng d |
| 010 ## - LIBRARY OF CONGRESS CONTROL NUMBER | |
| LC control number | 72013789 |
| 020 ## - INTERNATIONAL STANDARD BOOK NUMBER | |
| International Standard Book Number | 0394470508 |
| 040 ## - CATALOGING SOURCE | |
| Original cataloging agency | DLC |
| Transcribing agency | DLC |
| Modifying agency | DLC |
| 043 ## - GEOGRAPHIC AREA CODE | |
| Geographic area code | aw----- |
| 050 00 - LIBRARY OF CONGRESS CALL NUMBER | |
| Classification number | HD9576.N36 |
| Item number | M65 1973 |
| 082 00 - DEWEY DECIMAL CLASSIFICATION NUMBER | |
| Classification number | 338.272820956 |
| Edition number | 22 |
| Item number | MOS |
| 100 1# - MAIN ENTRY--PERSONAL NAME | |
| Personal name | Mosley, Leonard, |
| Dates associated with a name | 1913-1992. |
| 9 (RLIN) | 10540 |
| 245 10 - TITLE STATEMENT | |
| Title | Power Play: |
| Remainder of title | Oil in the Middle East/ |
| Statement of responsibility, etc | by Leonard Mosley |
| 260 ## - PUBLICATION, DISTRIBUTION, ETC. (IMPRINT) | |
| Place of publication, distribution, etc | New York, |
| Name of publisher, distributor, etc | Random House,1973 |
| Date of publication, distribution, etc | 1973 |
| 300 ## - PHYSICAL DESCRIPTION | |
| Extent | xxi, 457 p.: |
| Other physical details | ill.; |
| Dimensions | 24 cm. |
| 500 ## - GENERAL NOTE | |
| General note | Donated by: Alaa Abdel Ghany |
| 504 ## - BIBLIOGRAPHY, ETC. NOTE | |
| Bibliography, etc | Includes bibliography: p. 443-447 and index |
| 650 #0 - SUBJECT ADDED ENTRY--TOPICAL TERM | |
| Topical term or geographic name as entry element | Petroleum industry and trade |
| Geographic subdivision | Middle East. |
| 9 (RLIN) | 10541 |
| 942 ## - ADDED ENTRY ELEMENTS (KOHA) | |
| Source of classification or shelving scheme | Dewey Decimal Classification |
| Item type | Book - Borrowing |
| Withdrawn status | Item status | Source of classification or shelving scheme | Damaged status | Not for loan | Vendor | Home library | Current library | Shelving location | Date acquired | Source of acquisition | Total Checkouts | Full call number | Barcode | Date last seen | Koha item type |
|---|---|---|---|---|---|---|---|---|---|---|---|---|---|---|---|
| Dewey Decimal Classification | Central Library | Central Library | First floor | 21/01/2010 | Donation | 338.272820956 MOS | 000019503 | 15/07/2025 | Book - Borrowing |